Normal view
MARC view
Entry Personal Name
001 - CONTROL NUMBER
- control field: 21884
003 - CONTROL NUMBER IDENTIFIER
- control field: ARRUPE
005 - DATE AND TIME OF LATEST TRANSACTION
- control field: 20160128091653.0
008 - FIXED-LENGTH DATA ELEMENTS
- fixed length control field: 160128|| aca||aabn | a|a d
040 ## - CATALOGING SOURCE
- Original cataloging agency: ARRUPE
- Transcribing agency: ARRUPE
100 ## - HEADING--PERSONAL NAME
- Personal name: Mathers, Edward P.
- Fuller form of name: (Edward Peter),
- Dates associated with a name: 1850-1924.
670 ## - SOURCE DATA FOUND
- Source citation: Work cat.: (ARRUPE)0: Mathers, Edward P. (Edward Peter), 1850-1924., The gold fields revisited,, 1887.